| 000 | 00728nam a22002297a 4500 | ||
|---|---|---|---|
| 005 | 20170124110154.0 | ||
| 010 | _aB-181175 | ||
| 020 |
_c200.00 _a8186851402 |
||
| 035 | _aB-181175 | ||
| 037 | _bCen Lib/Ret | ||
| 040 |
_aDPL _bEN |
||
| 082 |
_a154.63 _bSOR |
||
| 100 |
_aSoreng, Eric _934637 |
||
| 245 |
_aPsyche : _cby Eric Soreng _bon dreams and beyond dreams / |
||
| 260 |
_aAgra _bH.P. Bhargava book House _c2001 |
||
| 270 |
_bAgra _abhargava building, 4/352, kacheri ghat _e282004 |
||
| 300 |
_axi, 152p. _c19cm(Hb) |
||
| 500 | _aIncludes bibliographical references and index | ||
| 650 |
_aPsychology _z _934638 |
||
| 650 |
_aArchetype (Psychology) _934639 |
||
| 942 |
_2ddc _cEN _h154.63 _mSOR |
||
| 999 |
_c132415 _d132415 |
||